Writer's guide and index to English

Contents: The varieties of English, the stages in writing, methods of development, writing paragraphs,...

Sparad:
Bibliografiska uppgifter
Huvudupphovsman: Perrin, Porter G.
Materialtyp: Bok
Språk:Undetermined
Publicerad: Chicago Scott, Foresman and Company 1965
Ämnen:
Taggar: Lägg till en tagg
Inga taggar, Lägg till första taggen!
Thư viện lưu trữ: Trung tâm Học liệu Trường Đại học Cần Thơ
LEADER 00665nam a2200205Ia 4500
001 CTU_217544
008 210402s9999 xx 000 0 und d
082 |a 808 
082 |b P458 
100 |a Perrin, Porter G. 
245 0 |a Writer's guide and index to English 
245 0 |c Porter G. Perrin 
260 |a Chicago 
260 |b Scott, Foresman and Company 
260 |c 1965 
520 |a Contents: The varieties of English, the stages in writing, methods of development, writing paragraphs,... 
650 |a Tieesng Anh 
650 |x English language,Rhetoric,Tu từ học 
904 |i Trúc 
980 |a Trung tâm Học liệu Trường Đại học Cần Thơ